| 000 | 00767cam a22002653a 4500 | ||
|---|---|---|---|
| 001 | 30088 | ||
| 003 | PGUSA | ||
| 005 | 20140828083641.0 | ||
| 008 | 090925s2009||||xxu|||||s|||||000 1 eng d | ||
| 040 |
_aPGUSA _beng |
||
| 042 | _adc | ||
| 050 | 4 | _aPZ | |
| 100 | 1 | _aBrooks, Amy | |
| 245 | 1 | 0 |
_aDorothy Dainty at the Mountains _h[electronic resource] / _cAmy Brooks |
| 260 |
_bProject Gutenberg, _c2009 |
||
| 500 | _aIllustrated by the author. | ||
| 506 | _aPublic domain in the USA. | ||
| 516 | _aElectronic text | ||
| 653 | _aMountain resorts -- Juvenile fiction | ||
| 653 | _aFriendship -- Juvenile fiction | ||
| 653 | _aGirls -- Juvenile fiction | ||
| 830 | 0 |
_aProject Gutenberg _v30088 |
|
| 856 | 4 | 0 | _uhttp://www.gutenberg.org/ebooks/30088 |
| 942 | _cEB | ||
| 999 |
_c259343 _d259343 |
||